000 00488nam a22001817a 4500
005 20260202151551.0
008 260202b |||||||| |||| 00| 0 eng d
020 _a978-93-5460-120-0
100 _aHILLER, FREDERICK S.
245 _aINTRODUCTION TO OPERATIONS RESEARCH
250 _a11TH ED
260 _aCHENNAI
_bMCGRAW HILL
_c2022
300 _aXXVIII, 1416
500 _aINCLUDES SUBJECT
650 _aOPERATIONS RESEARCH
700 _aLIEBERMAN, GERALD J.
942 _2lcc
_cBK
999 _c216505
_d216505